Programas de adiestramiento en planta (Record no. 75163)

MARC details
000 -CABECERA
campo de control de longitud fija 00531nam a2200217 a 4500
005 - FECHA Y HORA DE LA ÚLTIMA TRANSACCIÓN
campo de control 20210219153353.0
008 - ELEMENTOS DE LONGITUD FIJA--INFORMACIÓN GENERAL
campo de control de longitud fija 991125n 000 0 spa u
035 ## - NÚMERO DE CONTROL DEL SISTEMA
Número de control de sistema UPN01000094547
100 ## - ASIENTO PRINCIPAL--NOMBRE PERSONAL
Nombre de persona VALENZUELA J., Arturo
222 ## - TÍTULO CLAVE
Título clave EL MAESTRO
245 ## - MENCIÓN DE TÍTULO
Título Programas de adiestramiento en planta
300 ## - DESCRIPCIÓN FÍSICA
Extensión 53-61
362 ## - FECHAS DE PUBLICACIÓN Y/O DESIGNACIÓN SECUENCIAL
Fecha de publicación y/o designación secuencial 1970 No. 20, jun.
653 0# - TERMINO DE INDIZACION - NO CONTROLADO
Término no controlado CAPACITACION
653 0# - TERMINO DE INDIZACION - NO CONTROLADO
Término no controlado EDUCACION TECNICA
653 0# - TERMINO DE INDIZACION - NO CONTROLADO
Término no controlado INDUSTRIA
653 0# - TERMINO DE INDIZACION - NO CONTROLADO
Término no controlado MEXICO
653 0# - TERMINO DE INDIZACION - NO CONTROLADO
Término no controlado TRABAJO
904 ## - ELEMENTOS DE DATOS D LOCAL, LDD (RLIN)
a AC
b 032358
905 ## - TIPO DE MATERIAL
Tipo de material Articulo

No items available.